00305nam a2200121Ia 4500008004100000082002000041100001200061245005000073250000800123260002300131300001000154650001900164150201s2004 xx 000 0 und d a617.692bE2004W aWINKLER aESSENTIALS OF COMPLETE DENTURE PROSTHODONTICS a2ND bAITBSaDELHIc2004 a1-464 aPROSTHODONTICS